Fertilizing for maximum yield, PArt 1 & 2 / (Record no. 9662)
[ view plain ]
| 000 -LEADER | |
|---|---|
| fixed length control field | 00413cam a2200169ua 4500 |
| 020 ## - INTERNATIONAL STANDARD BOOK NUMBER | |
| ISBN | 0-246-11788-5 |
| 041 ## - LANGUAGE CODE | |
| Language code of text/sound track or separate title | eng |
| 082 ## - DEWEY DECIMAL CLASSIFICATION NUMBER | |
| Classification number | 631.8 |
| Item number | COO/FE |
| 100 ## - MAIN ENTRY--AUTHOR NAME | |
| Personal name | Cooke, G W . |
| 245 ## - TITLE STATEMENT | |
| Title | Fertilizing for maximum yield, PArt 1 & 2 / |
| 250 ## - EDITION STATEMENT | |
| Edition statement | 3 / |
| 260 ## - PUBLICATION, DISTRIBUTION, ETC. (IMPRINT) | |
| Place of publication | London : |
| Name of publisher | Granada , |
| Year of publication | 1982. |
| 300 ## - PHYSICAL DESCRIPTION | |
| Number of Pages | 465 ; . |
| 942 ## - ADDED ENTRY ELEMENTS (KOHA) | |
| Koha item type | Books |
| Withdrawn status | Lost status | Damaged status | Home library | Current library | Date acquired | Full call number | Accession Number | Koha item type |
|---|---|---|---|---|---|---|---|---|
| KAUAET | KAUAET | 26/03/1987 | 631.8 | 16141 | Books |
